00692nam a2200229 a 450000100060000000300080000600500170001400800410003102000150007203500140008703500190010104000330012004100080015308200280016110000260018924500610021525000120027626000660028830000320035450400510038665000250043713392BD-RjUL20211208235439.0140201r19771973ii a b 001 0 eng  a0070398585 a(BD-RjUL) a(BD-RjUL)13443 aLCbengcLCdNNCU:AdBD-RjUL aeng04a621.381530422bMAT 19771 aMalvino, Albert Paul.10aTransistor circuit approximations /cAlbert Paul Malvino a2nd ed. aNew Delhi ;aNew York :bMcGraw-Hill,c1973 [reprinted 1977]. ax, 499 p. :bill. ;c24 cm. aIncludes bibliographical references and index. 0aTransistor circuits.